Metal-form catalysts with supported active phase for deep oxidation of hydrocarbons; Reaction kinetics and catalysis letters; Vol. 54, № 1

Bibliografiske detaljer
Parent link:Reaction kinetics and catalysis letters.— , 1974-
Vol. 54, № 1.— 1995.— P. 167-172
Andre forfattere: Pestryakov A. N. Aleksey Nikolaevich, Fyodorov A. A., Gaisinovich M. S., Shurov V. P., Fyodorova I. V., Gubaydulina T. A.
Summary:Catalysts based on metal foams (block porous cellular materials) with supported active phases containing oxides of transition metals have been studied in the process of deep oxidation of n-butane. Foamy metal catalysts have high activity, gas permeability and good mechanical strength.
В фонде НТБ ТПУ отсутствует
Sprog:engelsk
Udgivet: 1995
Fag:
Format: MixedMaterials Book Chapter
KOHA link:https://koha.lib.tpu.ru/cgi-bin/koha/opac-detail.pl?biblionumber=599024

MARC

LEADER 00000naa0a2200000 4500
001 599024
005 20250411085445.0
035 |a (RuTPU)RU\TPU\tpu\22852 
035 |a RU\TPU\tpu\22795 
090 |a 599024 
100 |a 20130318d1995 k||y0rusy50 ba 
101 0 |a eng 
102 |a HU 
200 1 |a Metal-form catalysts with supported active phase for deep oxidation of hydrocarbons  |f A. N. Pestryakov [et al.] 
320 |a References: p. 172 (3 tit.) 
330 |a Catalysts based on metal foams (block porous cellular materials) with supported active phases containing oxides of transition metals have been studied in the process of deep oxidation of n-butane. Foamy metal catalysts have high activity, gas permeability and good mechanical strength. 
333 |a В фонде НТБ ТПУ отсутствует 
461 |t Reaction kinetics and catalysis letters  |d 1974- 
463 |t Vol. 54, № 1  |v P. 167-172  |d 1995 
610 1 |a труды учёных ТПУ 
701 1 |a Pestryakov  |b A. N.  |c Chemist  |c Professor of Tomsk Polytechnic University, Doctor of Chemical Science  |f 1963-  |g Aleksey Nikolaevich  |3 (RuTPU)RU\TPU\pers\30471  |4 070  |9 14796 
701 1 |a Fyodorov  |b A. A. 
701 1 |a Gaisinovich  |b M. S. 
701 1 |a Shurov  |b V. P. 
701 1 |a Fyodorova  |b I. V. 
701 1 |a Gubaydulina  |b T. A. 
801 1 |a RU  |b 63413507  |c 20130226 
801 2 |a RU  |b 63413507  |c 20130321  |g RCR 
942 |c CR